Palabras junto al fogón : (Registro nro. 20223)

Detalles MARC
000 -CABECERA
Campo de control 00930nam a2200241 a 4500
005 - FECHA Y HORA DE LA ULTIMA TRANSACCION
Campo de control 20180605120053.0
008 - ELEMENTOS DE LONGITUD FIJA—INFORMACION GENERAL
Campo de control 140424s2012 ck gr 00010dspa d
020 ## - ISBN
ISBN 9789587530681
020 ## - ISBN
ISBN 9789587530582 (obra completa)
040 ## - FUENTE DE CATALOGACIÓN
Agencia catalogadora original CO-BoBLA
Agencia transcriptora CO-BoBLA
Agencia Modificadora CO-BoIAVH
041 0# - IDIOMA
Código de idioma para texto/pista de sonido o título separado Español
044 ## - PAÍS DE PUBLICACIÓN
País de publicación Colombia
082 04 - NUMERO DE CLASIFICACION DECIMAL DEWEY
Número de clasificación 306.409861
Número del ítem P14h
100 1# - ASIENTO PRINCIPAL--NOMBRE PERSONAL
Nombre personal Moreno Blanco, Lácydes
Término relacionado autor
9 (RLIN) 91474
245 10 - MENCION DE TITULO
Título Palabras junto al fogón :
Parte restante del título selección de golosos textos culinarios y antología de viandas olvidadas /
Mención de responsabilidad Lácydes Moreno Blanco.
260 ## - PUBLICACION, DISTRIBUCION, ETC. (PIE DE IMPRENTA)
Lugar de publicación, distribución, etc. Bogotá (Colombia) :
Nombre del editor, distribuidor, etc. Ministerio de Cultura,
Fecha de publicación, distribución, etc. 2012.
300 ## - DESCRIPCION FISICA
Extensión 272 páginas ;
Dimensiones 21 x 17 cm.
490 0# - MENCION DE SERIE
Mención de serie Biblioteca básica de cocinas tradicionales de Colombia ;
Designación numérica/secuencial del volumen 14
504 ## - NOTA DE BIBLIOGRAFIA, ETC.
Nota de bibliografía Incluye referencias bibliográficas: páginas 263-269.
650 26 - ASIENTO SECUNDARIO DE MATERIA - TERMINO TEMATICO
Término temático o nombre geográfico como elemento de entrada Preparación de alimentos
9 (RLIN) 91475
650 26 - ASIENTO SECUNDARIO DE MATERIA - TERMINO TEMATICO
Término temático o nombre geográfico como elemento de entrada Costumbres alimenticias
Subdivisión geográfica Colombia
9 (RLIN) 91476
942 ## - ELEMENTOS ADICIONALES (KOHA)
Sistema de clasificación Dewey Decimal Classification
Tipo de ítem Libro
Existencias
Withdrawn status Lost status Sistema de Clasificación Damaged status No para préstamo Colección Ubicación Permanente Ubicación actual Fecha de adquisición Total Checkouts Número topográfico Inventario / Código de Barras Date last seen Date checked out Ejemplar Price effective from Forma de adquisición Tipo de material
    Dewey Decimal Classification     General Bogotá Bogotá 05/06/2018 1 LB-306.409861 P14h 030130 06/03/2019 06/03/2019 V.14 Ej.1 05/06/2018 Donación Libro